Algunas perspectivas sociológicas generales sobre problemas fundamentales de intervención en la naturaleza y la sociedad de cara a la globalización /
Guardado en:
| Autor principal: | |
|---|---|
| Formato: | Texto |
| Etiquetas: |
Agregar Etiqueta
Sin Etiquetas, Sea el primero en etiquetar este registro!
|
MARC
| LEADER | 00000 a a2200000 04500 | ||
|---|---|---|---|
| 001 | 40278 | ||
| 003 | |||
| 040 | |a CRAI/IIS |c CRAI/IIS | ||
| 100 | |a Kuhnekath, Klaus | ||
| 245 | |a Algunas perspectivas sociológicas generales sobre problemas fundamentales de intervención en la naturaleza y la sociedad de cara a la globalización / |c Klaus Kuhnekath | ||
| 773 | |g volumen33, número59 (2001), páginas 114-127 | ||
| 999 | |c 20156 |d 20156 | ||
